ბოტანიკა = Botany : (ბიბ.ჩანაწერი № 62097)
[ მარტივი ფორმატი ]
| 000 -ლიდერი | |
|---|---|
| ფიქსირებული სიგრძის საკონტროლო ველი | 01281nam a22002177a 4500 |
| 003 - საკონტროლო ნომრის იდენტიფიკატორი | |
| საკონტროლო ველი | Ge_BSU |
| 005 - ბოლო ოპერაციის თარიღი და დრო | |
| საკონტროლო ველი | 20240709122411.0 |
| 008 - ფიქსირებული სიგრძის მონაცემთა ელემენტები - ზოგადი ინფორმაცია | |
| ფიქსირებული სიგრძის საკონტროლო ველი | 240709s2024 ge ||||| |||| 00| 0 geo d |
| 020 ## - წიგნის საერთაშორისო სტანდარტული ნომერი | |
| International Standard Book Number | 9789941860072 |
| 041 ## - ენის კოდი | |
| Language code of text/sound track or separate title | geo |
| 080 ## - უნივერსალური ათობითი კლასიფიკაციის ინდექსი | |
| Universal Decimal Classification number | 58(085.8) კ-98 |
| 100 ## - მთავარი ჩანაწერი - პიროვნების სახელი | |
| Personal name | კუჭუხიძე, ჯუმბერ. |
| Relator term | ავტორი. |
| 9 (RLIN) | 22771 |
| 245 ## - ცნობა სათაურის შესახებ | |
| Title | ბოტანიკა = Botany : |
| Remainder of title | სახელმძღვანელო თსსუ ფარმაციის ფაკულტეტის და სხვა უმაღლესი საგანმანათლებლო დაწესებულებების ფარმაციის მიმართულების სტუდენტებისათვის / |
| Statement of responsibility, etc | ჯუმბერ კუჭუხიძე, მალხაზ ჯოხაძე ; რედ. შოთა ჭანიშვილი. |
| 250 ## - გამოცემის ცნობა | |
| Edition statement | მე-2 გამოცემა. |
| 264 ## - წარმოების, გამოცემის, დისტრიბუციის და სხვა ცნობები | |
| გამოცემის, წარმოების, დისტრიბუციის... ადგილი | თბილისი, |
| გამოცემის, წარმოების, დისტრიბუციის... თარიღი | 2024. |
| 300 ## - ფიზიკური აღწერა | |
| Extent | 242 გვ. : |
| Other physical details | ილ. ; |
| Dimensions | 30 სმ. |
| 653 ## - INDEX TERM--UNCONTROLLED | |
| Uncontrolled term | ბოტანიკა |
| 700 ## - ADDED ENTRY--PERSONAL NAME | |
| Personal name | ჯოხაძე, მალხაზ |
| 9 (RLIN) | 22772 |
| 700 ## - ADDED ENTRY--PERSONAL NAME | |
| Personal name | ჭანიშვილი, შოთა |
| Relator term | რედაქტორი |
| 9 (RLIN) | 22773 |
| 942 ## - ADDED ENTRY ELEMENTS (KOHA) | |
| Source of classification or shelving scheme | |
| Koha item type | წიგნი |
| ჩამოწერის სტატუსი | დაკარგული ეგზემპლარის სტატუსი | კლასიფიკაციის წყარო ან თაროზე გაწყობის სქემა | დაზიანების სტატუსი | არ გაიცემა | მუდმივი მდებარეობა (დაცვის ადგილი) | ამჟამინდელი ადგილსამყოფელი | თაროზე განთავსების ადგილი | შეძენის თარიღი | ღირებულება, შესყიდვის ნორმალური ფასი | სრული შენახვის შიფრი | შტრიხკოდი | ბოლო ოპერაციის თარიღი | ეგზემპლარის მიმდევრობითი ნომერი (კეტერი?) | ფასის ძალაში შესვლის თარიღი | ეგზემპლარის სახეობა | საჯარო შენიშვნა |
|---|---|---|---|---|---|---|---|---|---|---|---|---|---|---|---|---|
| ბათუმის შოთა რუსთაველის სახელმწიფო უნივერსიტეტის მთავარი ბიბლიოთეკა | ბათუმის შოთა რუსთაველის სახელმწიფო უნივერსიტეტის მთავარი ბიბლიოთეკა | წიგნსაცავი | 2024-07-09 | 42.00 | 58(075.8) კ-98 | 68537 | 2024-07-09 | 68537 | 2024-07-09 | წიგნი | 42.00 | |||||
| ბათუმის შოთა რუსთაველის სახელმწიფო უნივერსიტეტის მთავარი ბიბლიოთეკა | ბათუმის შოთა რუსთაველის სახელმწიფო უნივერსიტეტის მთავარი ბიბლიოთეკა | წიგნსაცავი | 2024-07-09 | 42.00 | 58(075.8) კ-98 | 68538 | 2024-07-09 | 68538 | 2024-07-09 | წიგნი | 42.00 | |||||
| ბათუმის შოთა რუსთაველის სახელმწიფო უნივერსიტეტის მთავარი ბიბლიოთეკა | ბათუმის შოთა რუსთაველის სახელმწიფო უნივერსიტეტის მთავარი ბიბლიოთეკა | წიგნსაცავი | 2024-07-09 | 42.00 | 58(075.8) კ-98 | 68539 | 2024-07-09 | 68539 | 2024-07-09 | წიგნი | 42.00 | |||||
| ბათუმის შოთა რუსთაველის სახელმწიფო უნივერსიტეტის მთავარი ბიბლიოთეკა | ბათუმის შოთა რუსთაველის სახელმწიფო უნივერსიტეტის მთავარი ბიბლიოთეკა | წიგნსაცავი | 2024-07-09 | 42.00 | 58(075.8) კ-98 | 68540 | 2024-07-09 | 68540 | 2024-07-09 | წიგნი | 42.00 | |||||
| ბათუმის შოთა რუსთაველის სახელმწიფო უნივერსიტეტის მთავარი ბიბლიოთეკა | ბათუმის შოთა რუსთაველის სახელმწიფო უნივერსიტეტის მთავარი ბიბლიოთეკა | წიგნსაცავი | 2024-07-09 | 42.00 | 58(075.8) კ-98 | 68542 | 2024-07-09 | 68542 | 2024-07-09 | წიგნი | 42.00 | |||||
| ბათუმის შოთა რუსთაველის სახელმწიფო უნივერსიტეტის მთავარი ბიბლიოთეკა | ბათუმის შოთა რუსთაველის სახელმწიფო უნივერსიტეტის მთავარი ბიბლიოთეკა | წიგნსაცავი | 2024-07-09 | 42.00 | 58(075.8) კ-98 | 68543 | 2024-07-09 | 68543 | 2024-07-09 | წიგნი | 42.00 |
